| 000 | 01436nam a2200349 a 4500 | ||
|---|---|---|---|
| 001 | ebr10546507 | ||
| 003 | CaPaEBR | ||
| 006 | m u | ||
| 007 | cr cn||||||||| | ||
| 008 | 120210s2012 dcua sb 001 0 eng d | ||
| 010 | _z 2012005711 | ||
| 020 | _z9780815722335 (hbk. : alk. paper) | ||
| 020 | _z9780815722342 (e-book) | ||
| 040 |
_aCaPaEBR _cCaPaEBR |
||
| 035 | _a(OCoLC)784957819 | ||
| 043 | _an-us--- | ||
| 050 | 1 | 4 |
_aHG181 _b.B33 2012eb |
| 082 | 0 | 4 |
_a330.9730086/942 _223 |
| 100 | 1 | _aBarr, Michael S. | |
| 245 | 1 | 0 |
_aNo slack _h[electronic resource] : _bthe financial lives of low-income Americans / _cMichael S. Barr. |
| 260 |
_aWashington, D.C. : _bBrookings Institution Press, _cc2012. |
||
| 300 |
_aix, 294 p. : _bill. |
||
| 504 | _aIncludes bibliographical references and index. | ||
| 533 |
_aElectronic reproduction. _bPalo Alto, Calif. : _cebrary, _d2011. _nAvailable via World Wide Web. _nAccess may be limited to ebrary affiliated libraries. |
||
| 650 | 0 |
_aFinancial services industry _zUnited States. |
|
| 650 | 0 |
_aBanks and banking _xSocial aspects _zUnited States. |
|
| 650 | 0 |
_aPoor _xFinance, Personal _zUnited States. |
|
| 650 | 0 |
_aLow-income consumers _xFinance, Personal _zUnited States. |
|
| 655 | 7 |
_aElectronic books. _2local |
|
| 710 | 2 | _aebrary, Inc. | |
| 856 | 4 | 0 |
_uhttp://site.ebrary.com/lib/rucke/Doc?id=10546507 _zAn electronic book accessible through the World Wide Web; click to view |
| 999 |
_c136841 _d136841 |
||